Подробности
| 000 -МАРКЕР |
| контрольное поле |
02419nam0a2200445 4500 |
| 001 - ИДЕНТИФИКАТОР ЗАПИСИ |
| контрольное поле |
RU\NLR\bibl\69870 |
| 005 - ИДЕНТИФИКАТОР ВЕРСИИ |
| контрольное поле |
20260607050517.0 |
| 010 ## - МЕЖДУНАРОДНЫЙ СТАНДАРТНЫЙ НОМЕР КНИГИ (ISBN) |
| Номер (ISBN) |
5-88960-033-8 |
| Тираж |
6000 |
| 020 ## - НОМЕР ДОКУМЕНТА В НАЦИОНАЛЬНОЙ БИБЛИОГРАФИИ |
| Код страны |
Российская Федерация |
| Номер |
98-28124 |
| Основное заглавие издания Российской книжной палаты |
Книжная летопись |
| 021 ## - НОМЕР ГОСУДАРСТВЕННОЙ РЕГИСТРАЦИИ |
| Код страны |
Российская Федерация |
| Номер |
98-17546 |
| Номер Листа государственной регистраци |
832 |
| 035 ## - ДРУГИЕ СИСТЕМНЫЕ НОМЕРА |
| Идентификатор записи |
(NLR Aleph) 000068158 |
| 100 ## - ДАННЫЕ ОБЩЕЙ ОБРАБОТКИ |
| Данные общей обработки |
19990528d1998 |||y0rusy50 ca |
| 101 0# - ЯЗЫК РЕСУРСА |
| Язык текста, звукозаписи и т.д. |
русский |
| 102 ## - СТРАНА ПУБЛИКАЦИИ ИЛИ ПРОИЗВОДСТВА |
| Страна публикации |
Российская Федерация |
| 105 ## - ПОЛЕ КОДИРОВАННЫХ ДАННЫХ: ТЕКСТОВЫЕ МАТЕРИАЛЫ, МОНОГРАФИЧЕСКИЕ |
| Кодированные данные о монографическом текстовом документе |
y ||||||||| |
| 200 1# - ЗАГЛАВИЕ И СВЕДЕНИЯ ОБ ОТВЕТСТВЕННОСТИ |
| Основное заглавие |
Бухгалтерский учет и отчетность предприятий и организаций |
| Сведения, относящиеся к заглавию |
Справ. пособие |
| Первые сведения об ответственности |
[Информ.-изд. и юрид. центр "Экономика и финансы" |
| Последующие сведения об ответственности |
Исполн. Савичева Е. В. и др.]; Под общ. ред. Карпова В. В. |
| 205 ## - СВЕДЕНИЯ ОБ ИЗДАНИИ |
| Сведения об издании |
2-е изд. |
| 210 ## - ПУБЛИКАЦИЯ, РАСПРОСТРАНЕНИЕ И ДР. |
| Место издания, распространения и т.д. |
М. |
| Имя издателя, распространителя и т. д. |
Экономика и финансы |
| Дата издания, распространения и т.д. |
Б. г. |
| Дата изготовления |
1998 |
| 215 ## - ФИЗИЧЕСКАЯ ХАРАКТЕРИСТИКА |
| Специфическое обозначение материала и объем |
720 с. |
| Размеры |
29 |
| 225 1# - СЕРИЯ |
| Основное заглавие серии |
Серия "Бухгалтерский учет и отчетность" |
| 225 1# - СЕРИЯ |
| Основное заглавие серии |
Настольная книга бухгалтера |
| 461 #0 - УРОВЕНЬ НАБОРА |
| Встроенное поле |
2001#$aСерия "Бухгалтерский учет и отчетность" |
| Заглавие |
Серия "Бухгалтерский учет и отчетность" |
| 461 #0 - УРОВЕНЬ НАБОРА |
| Встроенное поле |
2001#$aНастольная книга бухгалтера |
| Заглавие |
Настольная книга бухгалтера |
| 606 0# - НАИМЕНОВАНИЕ ТЕМЫ КАК ПРЕДМЕТ |
| Наименование темы |
Бухгалтерский учет |
| Формальный подзаголовок |
Нормативные и руководящие материалы |
| Тематический подзаголовок |
Отчетность |
| Системный номер авторитетной/нормативной записи |
2161760 |
| Идентификатор авторитетной/нормативной записи |
RU\NLR\auth\661300937 |
| 606 0# - НАИМЕНОВАНИЕ ТЕМЫ КАК ПРЕДМЕТ |
| Наименование темы |
Бухгалтерский учет |
| Формальный подзаголовок |
Нормативные документы |
| Тематический подзаголовок |
Отчетность |
| Системный номер авторитетной/нормативной записи |
2161760 |
| Идентификатор авторитетной/нормативной записи |
RU\NLR\auth\661300937 |
| 610 0# - НЕКОНТРОЛИРУЕМЫЕ ПРЕДМЕТНЫЕ ТЕРМИНЫ |
| Предметный термин |
Бухгалтерский учет |
| 675 ## - УНИВЕРСАЛЬНАЯ ДЕСЯТИЧНАЯ КЛАССИФИКАЦИЯ (UDC/УДК) |
| Индекс |
657.22 |
| Издание |
3 |
| Язык издания |
rus |
| 686 ## - ИНДЕКСЫ ДРУГИХ КЛАССИФИКАЦИЙ |
| Индекс |
06.75 |
| Код системы |
|
| 686 ## - ИНДЕКСЫ ДРУГИХ КЛАССИФИКАЦИЙ |
| Индекс |
65.052 |
| Код системы |
|
| 686 ## - ИНДЕКСЫ ДРУГИХ КЛАССИФИКАЦИЙ |
| Индекс |
У052.9(2)2-15я8 |
| 701 #1 - ИМЯ ЛИЦА - АЛЬТЕРНАТИВНАЯ ОТВЕТСТВЕННОСТЬ |
| Начальный элемент ввода |
Савичева |
| Часть имени, кроме начального элемента ввода |
Е. В. |
| Код отношения |
Автор |
| 702 #1 - ИМЯ ЛИЦА - ВТОРИЧНАЯ ОТВЕТСТВЕННОСТЬ |
| Код отношения |
Редактор |
| Графика поля |
Кириллица |
| Материалы, к которым относится поле |
rus |
| Начальный элемент ввода |
Карпов |
| Часть имени, кроме начального элемента ввода |
В. В. |
| Дополнения к именам, кроме дат |
экономист |
| Даты |
1936 - 2003 |
| Расширение инициалов личного имени |
Вячеслав Валентинович |
| Системный номер авторитетной/нормативной записи |
9730 |
| Идентификатор авторитетной/нормативной записи |
RU\NLR\auth\7726691 |
| 712 02 - НАИМЕНОВАНИЕ ОРГАНИЗАЦИИ - ВТОРИЧНАЯ ОТВЕТСТВЕННОСТЬ |
| Код отношения |
Прочие |
| Начальный элемент ввода |
"Экономика и финансы", информационно-издательский и юридический центр |
| Идентифицирующий признак |
Москва |
| Системный номер авторитетной/нормативной записи |
360372 |
| Идентификатор авторитетной/нормативной записи |
RU\NLR\AUTH\889932543 |
| 801 #0 - ИСТОЧНИК ЗАПИСИ |
| Страна |
Российская Федерация |
| Организация |
RKP |
| Дата составления |
19990528 |
| Правила каталогизации |
PSBO |
| 801 #1 - ИСТОЧНИК ЗАПИСИ |
| Страна |
Российская Федерация |
| Организация |
RKP |
| Дата составления |
19990528 |
| 801 #2 - ИСТОЧНИК ЗАПИСИ |
| Страна |
Российская Федерация |
| Организация |
NLR |
| Дата составления |
20070402 |
| Правила каталогизации |
rcr |
| 852 ## - МЕСТОНАХОЖДЕНИЕ И ШИФР ХРАНЕНИЯ |
| Идентификатор организации |
NLR |
| Шифр хранения (Call Number) |
98-8/667 |
| 942 ## - ДОПОЛНИТЕЛЬНЫЕ ЭЛЕМЕНТЫ ЗАПИСИ (АБИС) |
| Тип экземпляра АБИС |
Книга |
| 980 ## - КОЛЛЕКЦИЯ |
| Название коллекции |
Национальная библиография |